000 00741nam a22002177a 4500
999 _c5595
_d5595
003 GBCCL
005 20241126110545.0
008 180328b ||||| |||| 00| 0 eng d
040 _cGBC
082 _a220.93
_bPFE
100 _a Pfeiffer, Charles F
_94466
245 2 _aRas Shamra and the Bible
_cCharles F Pfeiffer
260 _bBack to the Bible
260 _aGrand Rapids, Mich. :
_b Baker Book House, 1962, (1980 printing)
_c1962, (1980 printing)
300 _a73 pages :
_billustrations, facsimiles, maps.
490 _aBaker studies in Biblical archaeology, 1.
650 _aBible.
_vOld Testament
_x Antiquities.
_910108
650 _aUgarit (Extinct city)
_910109
650 _aBible.
_v Old Testament.
_96826
942 _2ddc
_cBK